Zeno Vancea öröksége
Elmentve itt :
| Szerző: | |
|---|---|
| Adatforrás: | Meister |
| Forrásdokumentuma: | A Hét. - 5 sz., 1990, 6 p. |
| Nyelv: | magyar |
| Kulcsszavak: | in memoriam VANCEA Zeno |
| LEADER | 00332nab a2200133 i 4500 | ||
|---|---|---|---|
| 001 | bibPRO00004449 | ||
| 008 | 060524s1990 xx hun | ||
| 040 | |a Sz1 | ||
| 041 | |a hun | ||
| 100 | 1 | |a PINTÉR Lajos | |
| 245 | 1 | 0 | |a Zeno Vancea öröksége |c PINTÉR Lajos |
| 695 | |a in memoriam | ||
| 695 | |a VANCEA Zeno | ||
| 773 | 0 | |t A Hét. - |g 5 sz., 1990, 6 p. | |